| 000 | 00555nam a2200193 i 4500 | ||
|---|---|---|---|
| 001 | bg | ||
| 245 | 7 | 0 |
_aZbiór zadań z rysunku technicznego / _cJerzy Bajkowski [ i in.]. |
| 250 | _a[Wyd.2 zm.]. | ||
| 260 |
_aWarszawa : _bWydawnictwa Politechniki Warszawskiej, _c1993. |
||
| 300 |
_a213 s. : _brys., wykr. ; _c24 cm. |
||
| 650 | 9 | _aRysunek techniczny | |
| 655 | _aĆwiczenia i zadania | ||
| 700 | 1 | _aBAJKOWSKI, Jerzy. | |
| 040 | _cBPK | ||
| 041 | 0 | _apl | |
| 080 | _a744:621](075.8)(076) | ||
| 942 | _cKS | ||
| 008 | s pl f |000 0 pol | ||
| 999 |
_c6822 _d6822 |
||
| 856 |
_uhttp://koha.tu.koszalin.pl/cgi-bin/koha/opac-detail.pl?biblionumber=6822 _yKatalog online BPK |
||